| 000 | 00676nam a22002055i 4500 | ||
|---|---|---|---|
| 001 | 165087 | ||
| 003 | ES-MaACL | ||
| 005 | 20250823093111.0 | ||
| 008 | 050811s1852 fr | |||||||| ||fre d | ||
| 040 |
_aCAM _bspa _cCAM |
||
| 100 | 1 |
_aScudo, Paul. _9132601 |
|
| 245 | 1 | 0 |
_aCritique et littérature musicales / _cpar P. Scudo. |
| 260 |
_aParis : _bVictor Lecou, libraire-éditeur, _c1852 ( _eCorbeil : _ftypographie de Crété) |
||
| 300 |
_aXI, 346, [2] p. ; _c18 cm. |
||
| 650 | 4 |
_aMúsica- _vCríticas _915380 |
|
| 700 | 1 |
_aLecou, Victor, _eed. _9128822 |
|
| 752 |
_aFrancia - _dParís |
||
| 852 |
_aES-MaACL _jG-8549 _z-- Enc. hol. |
||
| 999 |
_c165087 _d165087 |
||